000 00662nam a2200241Ia 4500
003 OSt
005 20221005120720.0
006 a|||||r|||| 00| 0
007 ta
008 221004b |||||||| |||| 00| 0 eng d
024 _a66908
037 _cTextual
040 _aCRL
_cCRL
_beng
041 _2eng
_aeng
082 _aV73:19:N5, H8
100 _aPerkins Dexter
_9116418
245 0 _aEvolution of American foreign policy
260 _c1948
490 _aHome university library of modern knowledge, 208
650 _aUNITED STATES - HISTORY
_931585
942 _hV73:19:N5, H8
_cTEXL
_2cc
999 _c1038923
_d1038923